| 000 | 00609nam a22002057a 4500 | ||
|---|---|---|---|
| 005 | 20260116123413.0 | ||
| 020 | _a9783034896795 | ||
| 100 |
_aGohberg, Israel _98121 |
||
| 245 | _aClasses of linear operators Vol. II | ||
| 260 |
_aSwitzerland _bSpringer _c1993 |
||
| 300 | _ax+1020 | ||
| 490 | _aOperator Theory: Advances and applications | ||
| 500 | _aOperator Theory: Advances and applications - Vol. 63 | ||
| 650 |
_aToeplitz operator _98122 |
||
| 650 |
_aDilation _98123 |
||
| 650 |
_aAlgebra _98124 |
||
| 700 |
_aGoldberg, Seymour _98125 |
||
| 700 |
_aKaashoek, Marinus A _98126 |
||
| 942 |
_2ddc _cBK |
||
| 999 |
_c755167 _d755167 |
||